000 00461nam a2200181Ia 4500
008 240925s9999 xx 000 0 und d
020 _a70049084
082 _a537 PUR
100 _aPurcell ,Murray M.
245 0 _aElectricity and Magnetism
250 _a2nd
260 _aSingapore:
_bMc Graw Hill
_c,1985.
300 _axvi,462p.
_bNA
_fOriginal
500 _aIncludes Index
600 _aHumanities & Natural Science
650 _aPhysics
942 _cBK
999 _c2584
_d2584